000 01304nam a2200337 a 4500
001 000109500
003 CHAP
005 20220329144053.0
008 140507s2013 mx sm |||||||spa d
010 _a105962
011 _a106934
040 _cCHAP
090 _aTesis
100 1 _aRamos Torres, Elmar de Jesús
_9126738
245 1 4 _aLos productores de limón persa y su incorporación a las políticas neoliberales :
_h[En línea]
_bel caso de Nuevo Villaflores y 6 de Mayo /
_cpor Elmar de Jesús Ramos Torres.
260 _aChiapas, :
_bEl autor,
_c2013.
500 _aPara ver el contenido del material haga clic en la liga
502 _aTesis (MC. en Desarrollo Rural Regional) -- UACH. Departamento Dirección de Centros Regionales Universitarios
590 _aBATCH-UPD
_b10
_c20141002
_lUCH01
_h0902
590 _aE11695DGD
_b10
_c20140522
_lUCH01
_h1007
590 _aE11695DGD
_b10
_c20140522
_lUCH01
_h1008
590 _aE5765TAJ
_b05
_c20140507
_lUCH01
_h0925
590 _aE5765TAJ
_b05
_c20140507
_lUCH01
_h0926
650 1 4 _aLimón persa
_xMercadeo.
_966870
650 1 4 _aLimón persa
_xProducción.
_966872
650 1 4 _aLimón persa
_zChiapas.
_9126739
856 _aFinding aid
_uhttp://10.13.5.2/tesis/sist109500.pdf
_zTeclea aquí
901 _aBK
942 _cTESIS
942 _n0
999 _c105962
_d105962